Giáo trình chính sách kinh tế - xã hội

Gardado en:
Detalles Bibliográficos
Autor Principal: Đoàn Thị Thu Hà, PTS
Formato: Libro
Publicado: Khoa học và kỹ thuật 2000
Các nhãn: Engadir etiqueta
Sen Etiquetas, Sexa o primeiro en etiquetar este rexistro!
Thư viện lưu trữ: Mạng thư viện Đại học Đà Nẵng
LEADER 00634nam a2200229 a 4500
001 000029284
003 1362
005 20171030145630.0
008 171030s2000
020 |c 35000 
040 |a LTT 
082 0 |a 330.1  |b ĐO-H 
100 1 |a Đoàn Thị Thu Hà, PTS 
245 0 0 |a Giáo trình chính sách kinh tế - xã hội  |c Chủ biên: Đoàn Thị Thu Hà, Nguyễn Thị Ngọc Huyền. 
260 |b Khoa học và kỹ thuật  |c 2000 
OWN |a LTT 
999 |a From the UDN01 
TYP |a Monograph 
TYP |a Printed language 
980 |a Mạng thư viện Đại học Đà Nẵng